1909 1560 1266 1305 1823 1240 1655 1161 1957 1318 1784 1897 1464 1701 1784 1930 1061 1143 1511 1004 1341 1720 1500 1205 1974 1473 1023 1378 1376 1479 1769 1854 1899 1157 1445 1742 1406 1783 1344 1363 1511 1074 1205 1021 1532 1742 1909 1130 1592 1215 1450 1825 1420 1763 1596 1081 1962 1642 1608 1748 1163 1440 1085 1878 1859 1715 1050 1165 1146 1234 1053 1849 1470 1181 1153 1217 1419 1388 1227 1181 1359 1395 1436 1880 1489 1324 1428 1558 1664 1976 1669 1134 1849 1592 1789 1162 1670 1557 1118 BCNSPRNW ULIB Ver.6.0+V

เปลี่ยนเป็นภาษาไทย

Change to English
 แสดงรายละเอียดบรรณานุกรม
  กลับหน้าหลัก

Brief Record : Get Marc (ISO 2709) : E-mail record : QR code < ปิดหน้าต่าง
LEADER : 00000nam 2200000uu 4500
001    13399114338
003     ULIB
008    120322s2553||||th 000 0 tha d
020    ^a9786169059103
090    ^aนว.^bก531ร
100 0  ^aการะเกตุ
245 00 ^aร้อนไฟรัก/^cการะเกตุ
250    ^aพิมพ์ครั้งที่ 1
260    ^aกรุงเทพฯ :^bมายเลิฟ,^c2553
300    ^a288 หน้า
710 1  ^aมายเลิฟ
945    ^p240^l0^i16660
995    ^aกัณชพร
999    ^aใช้งานได้ทุกระบบ
รายการนี้ยังไม่มีแท็ก
คุณยังไม่ได้ล็อกอิน คุณสามารถมีกิจกรรมร่วมกับเว็บไซต์ได้ แต่ต้องล็อกอินก่อน ::
  ล็อกอิน

รายการสื่อสารสนเทศ

ลำดับที่ ประเภท เลขเรียก/บาร์โค้ด สถานที่ สถานะ
1. นวนิยาย
นวนิยาย
นว. ก531ร  
  Barcode: 16660
ห้องสมุดวิทยาเขตสวรรค์ประชารักษ์
►นวนิยาย
ถูกยืม กำหนดส่งวันที่ 16 ธันวาคม 2559
  จอง

BibComment


ยังไม่เคยถูกคอมเมนท์

คอมเมนท์ทรัพยากรรายการนี้
  คอมเมนท์: ร้อนไฟรัก การะเกตุ


 Copyright 2026. Bcnsprnw @Library